000 00606nam a22002057a 4500
005 20150729142418.0
010 _aENG-113233
020 _a9788171772544
_c1495.00
035 _aEN-96765
037 _bDBAD/PUB
082 _a342.54
100 _aSaharay, H.K.
245 _aThe constitution of India :
_cby H.K. Saharay
_ban analytical approach /
250 _a4th ed
260 _aKolkatta
_bEastern Law House
_c2012
270 _a54, Ganesh Chunder Avenue,
_bKolkatta
_e700013
300 _a194,1387p.
_c25cm(Hb)
500 _aIncludes index
942 _2ddc
_cEN
_mSAH
_h342.54
999 _c94102
_d94102